guess that disney movie by picture - Statistics

General Stats
  • This quiz has been taken 4,749 times
    3,300 since last reset
  • The average score is 9 of 10
Answer Stats
Picture Answer % Correct
aladdin
98%
frozen
96%
bambi
94%
sleeping beauty
93%
snow white
93%
cinderella
90%
princess and the frog
90%
Tangled
82%
spiderman
79%
moana
76%
No matching quizzes found
Score Distribution
Percent of People with Each Score
Percentile by Number Answered
Your Score History
You have not taken this quiz since the last reset